Birthstones - Sudden Death - Statistics

General Stats
  • This quiz has been taken 59 times
  • The average score is 7 of 21
Answers on the Grid
Answers color-coded by a green-red scale on the quiz's grid according to % correct below.
Adamantite
Agate
Alexandrite
Amethyst
Aquamarine
Bloodstone
Calcite
Chambersite
Citrine
Cobalt
Copper
Coral
Diamond
Dolomite
Emerald
Feldspar
Garnet
Gold
Gypsum
Jade
Jasper
Magnamite
Moonstone
Obsidian
Onyx
Opal
Pearl
Peridot
Pink Quartz
Pyrite
Quartz
Rhodonite
Ruby
Sapphire
Sardonyx
Silver
Spinel
Stalagmite
Talc
Tanzanite
Tiger's Eye
Topaz
Tourmaline
Turquoise
Vivianite
Zekzertite
Zircon
Zirconium
 
Answer Stats
Answer % Correct
Opal
62%
Emerald
59%
Ruby
59%
Pearl
57%
Sapphire
54%
Aquamarine
51%
Topaz
51%
Diamond
49%
Garnet
46%
Amethyst
43%
Turquoise
43%
Peridot
38%
Citrine
30%
Moonstone
24%
Alexandrite
22%
Tanzanite
22%
Zircon
14%
Bloodstone
8%
Tourmaline
8%
Sardonyx
3%
Spinel
3%
No matching quizzes found
Score Distribution
Percent of People with Each Score
Percentile by Number Answered
Your Score History
You have not taken this quiz